000 01724cam a22005174i 4500
003 PE-LiUPU
005 20250731173117.0
008 190826s2013 flu r 000 0 spa d
020 _a9507692053
020 _a9789507692055
035 _a(Sirsi) a252522
040 _aPE-LiUPU
_bspa
_cPE-LiUPU
_erda
041 1 _aspa
_heng
049 _aPRUA
082 0 4 _a242
_bS83
_220
100 1 _aStrong, June,
_eautor.
245 1 3 _aEl canto de Eva :
_buna alegoría en los últimos días /
_cJune Strong.
250 _aSegunda edición.
264 1 _aFlorida :bNew Life,
_c2013.
300 _a141 páginas ;
_c21 centímetros
336 _atext
_2rdacontent
337 _aunmediated
_2rdamedia
338 _avolume
_2rdacarrier
505 0 _aEl regalo -- El viaje -- El predicador -- La desición -- El valle -- La partida -- La niña -- El barco.
526 _aSEG42
526 _aSEG41
526 _aSEG40
526 _aSEG39
526 _aP94
526 _aP87
526 _aP86
526 _aP85
526 _aP77
526 _aP76
526 _aP35
534 _pTítulo original :
_tSong of Eve.
650 0 4 _aLibros de devoción.
650 0 4 _aHistoria de los eventos bíblicos.
910 _abgr
_bncf
_cncf
_d20190826
942 _2ddc
_cBOOK
994 _aC0
_bPEPRU
596 _a1
999 _a242 S83
_wLC
_c31750
_i80582
_lCRAI-HOUSE
_mBUL
_p10.00
_r0
_sY
_tBOOK
_u2019-8-26
_xCOLEGIO
_zUNKNOWN
_0DONACION
_o.STAFF. Colección General
_d31750
999 _a242 S83
_wLC
_c2
_i80583
_lCRAI-HOUSE
_mBUL
_p10.00
_r0
_sY
_tBOOK
_u2019-8-26
_xCOLEGIO
_zUNKNOWN
_0DONACION
_o.STAFF. Colección General
980 _81
_gALBERTO SANCHEZ Responsable de Automatización